00567nam a22001697a 450000500170000000800410001704100080005808200160006610000240008224501170010626000530022330000210027636500240029750000500032194200070037199900190037820240530145020.0240530b        |||||||| |||| 00| 0 eng d  aeng  a720.47bDAT  aDate Rutuja9206613  aBuilding Beyond Green: Strategic Lifecycle Assessments Of Precast Construction And Conventional RCC Construction  aPunebBNCA M Arch Environment Architecturec2024  a63pbHbc31 x 22  aINRb150.00cRupaye  aBNCA M arch Environbment Artchitecture Thesis  cPR  c358032d358032